Total English : Students' book

Saved in:
Bibliographic Details
Main Author: Clare, Antonia
Format: Book
Language:Undetermined
Published: [Harlow] Longman 2006
Subjects:
Tags: Add Tag
No Tags, Be the first to tag this record!
Institutions: Trung tâm Học liệu Trường Đại học Cần Thơ
LEADER 00667nam a2200217Ia 4500
001 CTU_134163
008 210402s9999 xx 000 0 und d
020 |c 130000 
082 |a 428.24 
082 |b C591i 
100 |a Clare, Antonia 
245 0 |a Total English : 
245 0 |b Students' book 
245 0 |c Antonia Clare, JJ Wilson 
260 |a [Harlow] 
260 |b Longman 
260 |c 2006 
650 |a English language,English language,Anh ngữ,Anh ngữ 
650 |x Study and teaching,Giáo trình dành cho người nước ngoài,Học và dạy 
904 |i Tuyến 
980 |a Trung tâm Học liệu Trường Đại học Cần Thơ